States by Emojis #1 - Statistics

General Stats
  • This quiz has been taken 53 times
  • The average score is 6 of 8
Answer Stats
Hint Answer % Correct
πŸŒ‹πŸŒŠπŸ„β€β™‚οΈπŸβ˜€οΈ Hawaii
98%
πŸ‘πŸŒ΄πŸˆπŸŠ Georgia or Florida
84%
πŸš—πŸ‘‹πŸ•πŸ’ˆπŸ›’πŸ¬ New York
77%
πŸ”β›·πŸŽ£ Colorado
68%
πŸ΄πŸ§²πŸβŒ›οΈ Kentucky
66%
πŸ’β›΄πŸ₯Άβ„️ Minnesota
66%
πŸ₯πŸ¦€πŸ’ Maryland
64%
🌽🏈πŸ’ͺπŸ₯© Nebraska
59%
No matching quizzes found
Score Distribution
Percent of People with Each Score
Percentile by Number Answered
Your Score History
You have not taken this quiz